ბათუმის შოთა რუსთაველის სახელმწიფო უნივერსიტეტის ბიბლიოთეკა

საიუბილეო კრებული : (ბიბ.ჩანაწერი № 38340)

000 -ლიდერი
ფიქსირებული სიგრძის საკონტროლო ველი 01076nam a2200205Ia 4500
001 - საკონტროლო ნომერი
საკონტროლო ველი 4350
003 - საკონტროლო ნომრის იდენტიფიკატორი
საკონტროლო ველი GE_BSU
005 - ბოლო ოპერაციის თარიღი და დრო
საკონტროლო ველი 20191003123358.0
008 - ფიქსირებული სიგრძის მონაცემთა ელემენტები - ზოგადი ინფორმაცია
ფიქსირებული სიგრძის საკონტროლო ველი 181216s1957||||ge |||||||||||||| ||geo||
040 ## - კატალოგიზაციის წყარო
Transcribing agency GE_BSU
041 ## - ენის კოდი
Language code of text/sound track or separate title geo
080 ## - უნივერსალური ათობითი კლასიფიკაციის ინდექსი
Universal Decimal Classification number 378.4(479.22) ს–18
245 ## - ცნობა სათაურის შესახებ
Title საიუბილეო კრებული :
Remainder of title თბილისის სახელმწიფო უნივერსიტეტი დიდი ოქტომბრის სოციალისტური რევოლუციის 40 წლისთავზე. კრებული, 1917-1957 /
Statement of responsibility, etc რედ. და შესავ. სტატია ს. ჟღენტი.
264 ## - წარმოების, გამოცემის, დისტრიბუციის და სხვა ცნობები
გამოცემის, წარმოების, დისტრიბუციის... ადგილი თბ. :
გამოცემის, წარმოების, დისტრიბუციის... სახელწოდება თბილ. უნ-ტის გამ-ბა,
გამოცემის, წარმოების, დისტრიბუციის... თარიღი 1957.
300 ## - ფიზიკური აღწერა
Extent 766 გვ. ;
Other physical details 27 სმ.
546 ## - LANGUAGE NOTE
Language note ტექსტი ქართ. და რუს.
653 ## - INDEX TERM--UNCONTROLLED
Uncontrolled term თბილისის სახელმწიფო უნივერსიტეტი
700 ## - ADDED ENTRY--PERSONAL NAME
Personal name ჟღენტი, ს.
Relator term რედაქტორი
9 (RLIN) 4470
942 ## - ADDED ENTRY ELEMENTS (KOHA)
Koha item type წიგნი
Source of classification or shelving scheme
ეგზემპლარები
ჩამოწერის სტატუსი დაკარგული ეგზემპლარის სტატუსი კლასიფიკაციის წყარო ან თაროზე გაწყობის სქემა დაზიანების სტატუსი არ გაიცემა მუდმივი მდებარეობა (დაცვის ადგილი) ამჟამინდელი ადგილსამყოფელი თაროზე განთავსების ადგილი შეძენის თარიღი ღირებულება, შესყიდვის ნორმალური ფასი სრული შენახვის შიფრი შტრიხკოდი ბოლო ოპერაციის თარიღი ეგზემპლარის მიმდევრობითი ნომერი (კეტერი?) ფასის ძალაში შესვლის თარიღი ეგზემპლარის სახეობა საჯარო შენიშვნა
          ბათუმის შოთა რუსთაველის სახელმწიფო უნივერსიტეტის მთავარი ბიბლიოთეკა ბათუმის შოთა რუსთაველის სახელმწიფო უნივერსიტეტის მთავარი ბიბლიოთეკა წიგნსაცავი 2018-12-17 15.00 378.4(479.22) ს–18 5866 2018-12-17 5866 2018-12-17 წიგნი 15 ლ.